<?xml version="1.0" encoding="UTF-8"?><?xml-stylesheet type="text/xsl" href="static/style.xsl"?><OAI-PMH xmlns="http://www.openarchives.org/OAI/2.0/" xmlns:xsi="http://www.w3.org/2001/XMLSchema-instance" xsi:schemaLocation="http://www.openarchives.org/OAI/2.0/ http://www.openarchives.org/OAI/2.0/OAI-PMH.xsd"><responseDate>2026-04-13T13:42:11Z</responseDate><request verb="GetRecord" identifier="oai:www.recercat.cat:2099.1/11426" metadataPrefix="marc">https://recercat.cat/oai/request</request><GetRecord><record><header><identifier>oai:recercat.cat:2099.1/11426</identifier><datestamp>2025-07-23T02:12:22Z</datestamp><setSpec>com_2072_1033</setSpec><setSpec>col_2072_452951</setSpec></header><metadata><record xmlns="http://www.loc.gov/MARC21/slim" xmlns:dcterms="http://purl.org/dc/terms/" xmlns:xsi="http://www.w3.org/2001/XMLSchema-instance" xmlns:doc="http://www.lyncode.com/xoai" xsi:schemaLocation="http://www.loc.gov/MARC21/slim http://www.loc.gov/standards/marcxml/schema/MARC21slim.xsd">
   <leader>00925njm 22002777a 4500</leader>
   <datafield ind2=" " ind1=" " tag="042">
      <subfield code="a">dc</subfield>
   </datafield>
   <datafield ind2=" " ind1=" " tag="720">
      <subfield code="a">Llamazares Navarro, Julio</subfield>
      <subfield code="e">author</subfield>
   </datafield>
   <datafield ind2=" " ind1=" " tag="260">
      <subfield code="c">2011-01-12</subfield>
   </datafield>
   <datafield ind2=" " ind1=" " tag="520">
      <subfield code="a">Aquest projecte consisteix en el disseny d'un prototip d'eina de brunyit que es pugui muntar en una màquina de control numèric (d'ara endavant màquina CNC)que no disposi de control de força en el capçal, tractant de millorar les solucions que existeixen a la indústria per a aquest tipus de procés de mecanitzat, fent-la més versàtil, intentant aconseguir un estalvi de temps durant el procés de muntatge i desmuntatge de l'eina en el CNC amb la conseqüent reducció de&#xd;
temps total i que sigui capaç d'adaptar-se a les nostres exigències.&#xd;
El procés de brunyit tracta de millorar la rugositat superficial dels materials produint una deformació plàstica de la superfície de manera que el resultat final&#xd;
sigui un millor allisat de la mateixa. Es realitzarà un estudi sobre les solucions actuals i conjuntament amb el departament de mecànica de l'EUETIB i el tutor del projecte s'intentaran trobar noves i més innovadores solucions.&#xd;
Finalment si aquest projecte és viable econòmicament i es troba una solució òptima al problema que es planteja es podria realitzar la fabricació d'aquesta eina per posar-la en pràctica.</subfield>
   </datafield>
   <datafield tag="653" ind2=" " ind1=" ">
      <subfield code="a">Àrees temàtiques de la UPC::Enginyeria mecànica::Fabricació::Disseny i càlcul de màquines</subfield>
   </datafield>
   <datafield tag="653" ind2=" " ind1=" ">
      <subfield code="a">Machinery -- Design and construction</subfield>
   </datafield>
   <datafield tag="653" ind2=" " ind1=" ">
      <subfield code="a">Elements de màquines -- Disseny</subfield>
   </datafield>
   <datafield tag="653" ind2=" " ind1=" ">
      <subfield code="a">Maquinària -- Disseny</subfield>
   </datafield>
   <datafield ind2="0" ind1="0" tag="245">
      <subfield code="a">Diseño de una herramienta de bruñido con control de fuerza y presión hidráulica</subfield>
   </datafield>
</record></metadata></record></GetRecord></OAI-PMH>